Evidencia tržieb podnikateľa prostredníctvom registračnej pokladnice bakalárska práca

Na minha lista:
Detalhes bibliográficos
Autor principal: Viglaš, Ľuboš
Autor Corporativo: Fakulta hospodárskej informatiky EU. Katedra účtovníctva a audítorstva
Outros Autores: Kubaščíková, Zuzana, 1982-
Formato: Livro
Idioma:eslovaco
Publicado em: Bratislava 2020
Tags: Adicionar Tag
Sem tags, seja o primeiro a adicionar uma tag!

MARC

LEADER 00000nbm a2200000 4500
001 0264751
005 20210427214525.8
041 0 |a slo 
044 |a SK 
245 1 0 |a Evidencia tržieb podnikateľa prostredníctvom registračnej pokladnice  |b bakalárska práca  |c Ľuboš Viglaš ; školiteľ: Zuzana Kubaščíková 
264 1 |a Bratislava  |c 2020 
300 |a 37 s. 
100 1 |a Viglaš, Ľuboš 
700 1 |a Kubaščíková, Zuzana, 1982- 
710 2 |a Fakulta hospodárskej informatiky EU. Katedra účtovníctva a audítorstva